Central Library OPAC University of Rajshahi
Normal view MARC view

Entry Personal Name

Number of records used in: 2

001 - CONTROL NUMBER

  • control field: 15631

003 - CONTROL NUMBER IDENTIFIER

  • control field: BD-RjUL

005 - DATE AND TIME OF LATEST TRANSACTION

  • control field: 20250521122331.0

008 - FIXED-LENGTH DATA ELEMENTS

  • fixed length control field: 250521|| aca||aabn | a|a d

040 ## - CATALOGING SOURCE

  • Original cataloging agency: BD-RjUL
  • Transcribing agency: BD-RjUL

100 ## - HEADING--PERSONAL NAME

  • Personal name: Sabzvārī, Shaukat,
  • Dates associated with a name: 1908-1973

670 ## - SOURCE DATA FOUND

  • Source citation: Work cat.: (BD-RjUL)84969: Sabzvārī, Shaukat, 1908-1973., نئی پرانی قدریں ;; Naʼī purānī qadren̲./, [1961]